| 000 | 00416nam a2200157 i 4500 | ||
|---|---|---|---|
| 001 | 42057 | ||
| 003 | ES-MaACL | ||
| 005 | 20230906160536.0 | ||
| 007 | t| | ||
| 008 | 030312s1967 sp ||||1| spa d | ||
| 100 | 1 |
_aCasas de la Vega, Rafael. _936218 |
|
| 245 | 1 | 0 |
_aBrunete / _cRafael Casas de la Vega. |
| 260 |
_aMadrid : _bUriarte, _c[1967] |
||
| 300 |
_a368 p. ; _c22 cm. |
||
| 852 |
_aES-MaACL _jC-35553 _bR.68494 |
||
| 999 |
_c42057 _d42057 |
||